00968nam a2200241Ia 4500003000400000005001700004008004100021020001800062040001800080041000800098082001800106100002900124245013800153250001200291260007200303300003000375650005700405650003300462650004500495942002500540999001900565952014200584OSt20251104125124.0210716s2015 xx 000 0 und d a9789351102670 cAIMIT LIBRARY aeng a005.76 bPROF aProvost, Foster.9243774 aData science for business :bwhat you need to know about data mining and data analytic thinking /cBy Foster Provost and Tom Fawcett. a1st ed. aNew Delhi :bShroff Publications and Distributers Pvt Ltd ,c2015. axviii,384 p.;bPBc24 cm. aBusiness problems and data science solutions9243775 aFitting a model data9243776 aSimilarity neighbors and cluster9243777 2ddccBKk005.76 PROF c195056d195056 001040708MCAaAIMITbAIMITeKnowledge Worldg700.00l1o005.76 PROFpMCA14565r2025-07-21 00:00:00s2024-03-07v546.00w2021-07-16yBK